Between distributive and procedural justice claims: Reframing patterns of discursive resistance against climate action

Ambitious policy measures required for transitioning towards a low-carbon energy system often face political and societal opposition. In this paper, we study discursive resistance towards currently debated mitigation policies in Austria from a justice perspective. By carrying out a discourse analysi...

Full description

Saved in:
Bibliographic Details
Main Authors: Trimmel, Katharina E. (Author) , Kriechbaum, Michael (Author) , Lazou, Rutger (Author) , Brudermann, Thomas (Author)
Format: Article (Journal)
Language:English
Published: March 2024
In: Energy research & social science
Year: 2024, Volume: 109, Pages: 1-12
ISSN:2214-6326
DOI:10.1016/j.erss.2024.103424
Online Access:Verlag, kostenfrei, Volltext: https://doi.org/10.1016/j.erss.2024.103424
Verlag, kostenfrei, Volltext: https://www.sciencedirect.com/science/article/pii/S221462962400015X
Get full text
Author Notes:Katharina E. Trimmel, Michael Kriechbaum, Rutger Lazou, Thomas Brudermann

MARC

LEADER 00000naa a2200000 c 4500
001 1970200413
003 DE-627
005 20260430141300.0
007 cr uuu---uuuuu
008 260430s2024 xx |||||o 00| ||eng c
024 7 |a 10.1016/j.erss.2024.103424  |2 doi 
035 |a (DE-627)1970200413 
035 |a (DE-599)KXP1970200413 
040 |a DE-627  |b ger  |c DE-627  |e rda 
041 |a eng 
084 |a 44  |2 sdnb 
100 1 |a Trimmel, Katharina E.  |e VerfasserIn  |0 (DE-588)1397832746  |0 (DE-627)1970201118  |4 aut 
245 1 0 |a Between distributive and procedural justice claims  |b Reframing patterns of discursive resistance against climate action  |c Katharina E. Trimmel, Michael Kriechbaum, Rutger Lazou, Thomas Brudermann 
264 1 |c March 2024 
300 |a 12 
336 |a Text  |b txt  |2 rdacontent 
337 |a Computermedien  |b c  |2 rdamedia 
338 |a Online-Ressource  |b cr  |2 rdacarrier 
500 |a Gesehen am 30.04.2026 
520 |a Ambitious policy measures required for transitioning towards a low-carbon energy system often face political and societal opposition. In this paper, we study discursive resistance towards currently debated mitigation policies in Austria from a justice perspective. By carrying out a discourse analysis that was based on newspaper articles, social media entries and expert interviews, we identified five categories of counter-storylines that resonate with either distributive or procedural justice concerns. Categories related to distributive justice concerns are “denial of responsibility”, “feasibility constraints” and “adverse impacts”, while categories related to procedural justice concerns are “lack of reliability” and “lack of inclusion”. Our categorization provides a concise and comprehensive overview of discursive opposition and allows for a better understanding of resistance against climate action. Several of the identified storylines relate to valid concerns that are important to consider in achieving a just transition. Policymakers are thus well advised to address resistance to climate policy and take associated distributive and procedural justice concerns seriously. 
650 4 |a Climate delay 
650 4 |a Climate justice 
650 4 |a Climate policy 
650 4 |a Discourse 
650 4 |a Energy transition 
700 1 |a Kriechbaum, Michael  |e VerfasserIn  |4 aut 
700 1 |a Lazou, Rutger  |d 1993-  |e VerfasserIn  |0 (DE-588)1386482005  |0 (DE-627)1948514249  |4 aut 
700 1 |a Brudermann, Thomas  |d 1981-  |e VerfasserIn  |0 (DE-588)141342277  |0 (DE-627)626890209  |0 (DE-576)323408656  |4 aut 
773 0 8 |i Enthalten in  |t Energy research & social science  |d Amsterdam [u.a.] : Elsevier, 2014  |g 109(2024) vom: März, Artikel-ID 103424, Seite 1-12  |h Online-Ressource  |w (DE-627)781571413  |w (DE-600)2763226-X  |w (DE-576)40325535X  |x 2214-6326  |7 nnas  |a Between distributive and procedural justice claims Reframing patterns of discursive resistance against climate action 
773 1 8 |g volume:109  |g year:2024  |g month:03  |g elocationid:103424  |g pages:1-12  |g extent:12  |a Between distributive and procedural justice claims Reframing patterns of discursive resistance against climate action 
856 4 0 |u https://doi.org/10.1016/j.erss.2024.103424  |x Verlag  |x Resolving-System  |z kostenfrei  |3 Volltext  |7 0 
856 4 0 |u https://www.sciencedirect.com/science/article/pii/S221462962400015X  |x Verlag  |z kostenfrei  |3 Volltext  |7 0 
951 |a AR 
992 |a 20260430 
993 |a Article 
994 |a 2024 
998 |g 1386482005  |a Lazou, Rutger  |m 1386482005:Lazou, Rutger  |d 910000  |d 950000  |d 950950  |e 910000PL1386482005  |e 950000PL1386482005  |e 950950PL1386482005  |k 0/910000/  |k 1/910000/950000/  |k 2/910000/950000/950950/  |p 3 
999 |a KXP-PPN1970200413  |e 4960786450 
BIB |a Y 
SER |a journal 
JSO |a {"person":[{"given":"Katharina E.","role":"aut","display":"Trimmel, Katharina E.","family":"Trimmel"},{"given":"Michael","role":"aut","display":"Kriechbaum, Michael","family":"Kriechbaum"},{"family":"Lazou","display":"Lazou, Rutger","role":"aut","given":"Rutger"},{"role":"aut","given":"Thomas","display":"Brudermann, Thomas","family":"Brudermann"}],"physDesc":[{"extent":"12 S."}],"title":[{"title_sort":"Between distributive and procedural justice claims","subtitle":"Reframing patterns of discursive resistance against climate action","title":"Between distributive and procedural justice claims"}],"type":{"bibl":"article-journal","media":"Online-Ressource"},"name":{"displayForm":["Katharina E. Trimmel, Michael Kriechbaum, Rutger Lazou, Thomas Brudermann"]},"recId":"1970200413","origin":[{"dateIssuedDisp":"March 2024","dateIssuedKey":"2024"}],"note":["Gesehen am 30.04.2026"],"relHost":[{"physDesc":[{"extent":"Online-Ressource"}],"type":{"bibl":"periodical","media":"Online-Ressource"},"titleAlt":[{"title":"ERSS"},{"title":"Energy research and social science"}],"title":[{"title_sort":"Energy research & social science","subtitle":"ERSS","title":"Energy research & social science"}],"recId":"781571413","note":["Gesehen am 04.02.25"],"origin":[{"dateIssuedKey":"2014","publisher":"Elsevier","publisherPlace":"Amsterdam [u.a.]","dateIssuedDisp":"2014-"}],"part":{"volume":"109","text":"109(2024) vom: März, Artikel-ID 103424, Seite 1-12","year":"2024","extent":"12","pages":"1-12"},"language":["eng"],"disp":"Between distributive and procedural justice claims Reframing patterns of discursive resistance against climate actionEnergy research & social science","id":{"eki":["781571413"],"issn":["2214-6326"],"zdb":["2763226-X"]},"pubHistory":["Vol. 1.2014 -"]}],"language":["eng"],"id":{"doi":["10.1016/j.erss.2024.103424"],"eki":["1970200413"]}} 
SRT |a TRIMMELKATBETWEENDIS2024